| 000 | 03043nam a22003497a 4500 | ||
|---|---|---|---|
| 005 | 20101113143832.0 | ||
| 010 | _aB-409611-621 | ||
| 020 |
_a9788126912629 _c750.00 |
||
| 035 | _aB-409611-621 | ||
| 037 | _bAtlantic Publishers | ||
| 082 | _a346.54048 | ||
| 100 |
_aKarki, M.M.S. _924301 |
||
| 245 |
_aIntellectual property rights: _cby M.M.S. Karki _bbasic concepts / |
||
| 260 |
_aNew Delhi _bAtlantic Publishers _c2009 |
||
| 270 |
_a7//22, Ansari Road, Daryaganj _bNew Delhi _e110002 |
||
| 300 |
_axiv, 343 p. : _c23 cm(Hb) |
||
| 500 | _aIncludes index | ||
| 600 |
_aGulazāra _vTranslations into English. _924302 |
||
| 942 |
_2ddc _cEN _mKAR _h346.54048 |
||
| 999 |
_c35723 _d35723 |
||